Succeed in Cambridge English Advanced (CAE) 10 practice tests

Kaydedildi:
Detaylı Bibliyografya
Yazar: Betsis, Andrew
Diğer Yazarlar: Mamas, Lawrence
Materyal Türü: Kitap
Dil:Vietnamese
Baskı/Yayın Bilgisi: T.P. Hồ Chí Minh Tổng hợp T.P. Hồ Chí Minh, Công ty TNHH Nhân Trí Việt 2014
Konular:
Etiketler: Etiketle
Etiket eklenmemiş, İlk siz ekleyin!
Thư viện lưu trữ: Trung tâm Học liệu Lê Vũ Hùng, Trường Đại học Đồng Tháp
LEADER 01240pmm a22003978a 4500
001 00033975
005 20171026081025.0
008 160312s2014 ||||||viesd
041 0 # |a vie 
082 1 4 |a 428  |b S506I 
100 1 # |a Betsis, Andrew 
245 1 0 |a Succeed in Cambridge English Advanced (CAE)  |c Andrew Betsis, Lawrence Mamas  |b 10 practice tests  |h nguồn liệu điện tử] 
260 # # |a T.P. Hồ Chí Minh  |b Tổng hợp T.P. Hồ Chí Minh, Công ty TNHH Nhân Trí Việt  |c 2014 
300 # # |a 1 CD  |c 43/4 inch.  |e sách 
500 # # |a Copyright by Global ELT LTD, 2014 
653 # # |a Anh ngữ thực hành 
653 # # |a Đĩa CD 
653 # # |a Tự học 
653 # # |a Tiếng Anh 
653 # # |a Bài tập 
653 # # |a Bài kiểm tra 
700 1 # |a Mamas, Lawrence 
852 # # |j DPT.0003552  |j DPT.0003549  |j DPT.0003550  |j DPT.0003551 
852 # # |b Kho đa phương tiện  |j DPT.0003551, DPT.0003552, DPT.0003549, DPT.0003550 
910 # # |d 12/03/2016 
980 # # |a Trung tâm Học liệu Lê Vũ Hùng, Trường Đại học Đồng Tháp